000 00623nam a2200217Ia 4500
001 16867
003 GE_BSU
008 181216s||||||||xx |||||||||||||| ||und||
040 _cGE_BSU
080 _a821.353.1-32
100 _aბადალაშვილი, არსენ
245 _aგზა მშვიდობისა
245 _bმოთხრობები
260 _aთბილისი
260 _bმერანი
260 _c1972
300 _a132გვ. ; 17სმ
653 _aგზა მშვიდობისა
653 _aმოთხრობები
942 _cBK
999 _c49931
_d49931